Planar diffuser performance improvement using injection along the straight diverging walls at subsonic to transonic Mach numbers /
| Main Author: | |
|---|---|
| Other Authors: | , , |
| Format: | Thesis Book |
| Language: | English |
| Published: |
1986.
|
| Subjects: | |
| Online Access: | Link to ProQuest copy Link to OAKTrust copy ProQuest, Abstract |
MARC
| Tag | First Indicator | Second Indicator | Subfields |
|---|---|---|---|
| LEADER | 00000ctm a2200000Ia 4500 | ||
| 001 | in00000015884 | ||
| 005 | 20220104090804.0 | ||
| 008 | 880519s1986 xx a bm 000 0 eng d | ||
| 035 | |9 AAA8565AM | ||
| 035 | |a (OCoLC)17973262 | ||
| 035 | |a (OCoLC)ocm17973262 | ||
| 040 | |a TXA |b eng |c TXA |d OCLCQ |d OCLCF |d OCLCO |d OCLCQ |d UMI |d TXA | ||
| 049 | |a TXAM | ||
| 099 | |a 1986 |a Disser- |a tation |a H355 | ||
| 100 | 1 | |a Hassinger, David Alan. | |
| 245 | 1 | 0 | |a Planar diffuser performance improvement using injection along the straight diverging walls at subsonic to transonic Mach numbers / |
| 264 | 1 | |c 1986. | |
| 300 | |a xviii, 138 leaves : |b illustrations ; |c 29 cm | ||
| 336 | |a text |b txt |2 rdacontent | ||
| 337 | |a unmediated |b n |2 rdamedia | ||
| 338 | |a volume |b nc |2 rdacarrier | ||
| 500 | |a "Major subject: Mechanical Engineering." | ||
| 500 | |a Typescript (photocopy). | ||
| 500 | |a Vita. | ||
| 502 | |b Ph. D. |c Texas A & M University |d 1986 | ||
| 504 | |a Includes bibliographical references (leaves 130-137). | ||
| 520 | 3 | |a Planar diffusers with injection along the diverging walls were investigated relative to their pressure recovery performance. Injection orientation, location and slot width were varied for diffusers with aspect ratios of one and six and an area ratio of 11.4. Two inlet flow blockage conditions, 0.04 and 0.20, were investigated. Inlet Mach numbers varied from 0.3 to 0.9 and injector Mach numbers varied from 0.3 to 0.9, with the 30° diffuser exiting to the atmosphere. Traverses of the exit and inlet planes using a pitot tube were made using a computerized data acquisition, control, and positioning system. Uncertainties of 5% or less were maintained for all tests. The diffuser performance, as measured using a modified pressure recovery relationship, was enhanced exceeding 150% for some diffuser/injector configurations. The best performance was achieved for the configuration with injectors located near the diffuser inlet (throat), using a large injection slot. The optimum orientation for the slot was generally parallel to the diffuser inlet, although the orientation parallel to the walls also worked well. The mass flowrate passing through the diffuser was also increased 20% to in excess of 75% at the same pressure recovery. | |
| 650 | 0 | |a Diffusers |x Fluid dynamics. | |
| 650 | 0 | |a Fluid dynamics. | |
| 650 | 0 | |a Injectors. | |
| 650 | 4 | |a Major mechanical engineering. | |
| 655 | 7 | |a Academic theses |2 lcgft | |
| 700 | 1 | |a Anand, N. K., |e degree committee member. | |
| 700 | 1 | |a Lalk, Thomas R., |e degree supervisor. | |
| 700 | 1 | |a Ringer, Larry J., |e degree committee member. | |
| 700 | 1 | |a Somasundaram, Sriram, |e degree committee member. | |
| 710 | 2 | |a Texas A & M University, |e degree granting institution. | |
| 856 | 4 | 1 | |u http://proxy.library.tamu.edu/login?url=http://proquest.umi.com/pqdweb?did=752633211&sid=1&Fmt=2&clientId=2945&RQT=309&VName=PQD |z Link to ProQuest copy |t 0 |
| 856 | 4 | 1 | |u https://hdl.handle.net/1969.1/DISSERTATIONS-22265 |z Link to OAKTrust copy |t 0 |
| 856 | 4 | 2 | |3 ProQuest, Abstract |u http://gateway.proquest.com/openurl?url_ver=Z39.88-2004&rft_val_fmt=info:ofi/fmt:kev:mtx:dissertation&res_dat=xri:pqm&rft_dat=xri:pqdiss:8707423 |t 0 |
| 994 | |a C0 |b TXA | ||
| 999 | f | f | |s 38746e68-ebb9-32b3-b149-9edc751a0fa4 |i 106bb63d-8676-305d-beb0-439051c509bb |t 0 |
| 952 | f | f | |p noncirc |a Texas A&M University |b J.J. Pickle Campus |c High Density Repository |s HDR |d Remote Storage |t 0 |e 1986 Dissertation H355 |h Other scheme |i unmediated -- volume |m A14839616144 |
| 952 | f | f | |a Texas A&M University |b College Station |c Electronic Resources |s www_evans |d Available Online |t 0 |e 1986 Dissertation H355 |h Other scheme |
| 998 | f | f | |a 1986 Dissertation H355 |t 0 |l Available Online |
| 998 | f | f | |a 1986 Dissertation H355 |t 0 |l Remote Storage |